| 000 | 00614nam a22002177a 4500 | ||
|---|---|---|---|
| 005 | 20251108164104.0 | ||
| 008 | 250721s1996 xx 000 0 ara d | ||
| 082 | 1 | 4 | _a646/مبا |
| 245 | 1 | 0 |
_aمبادىء الخياطة : _bموسوعة الخياطة / |
| 250 | _aط2 | ||
| 264 | 1 |
_aبيروت : _bاكاديميا، _c1996. |
|
| 300 | _aج | ||
| 490 | 0 | _aسلسلة سنجر | |
| 650 | 1 | 7 | _aالخياطة |
| 650 | 1 | 7 | _aصناعة الملابس |
| 650 | 1 | 7 | _aأشغال الإبرة |
| 650 | 1 | 7 | _aملابس الإطفال |
| 650 | 1 | 7 | _aتصميم الأزياء |
| 942 |
_2ddc _cBK |
||
| 999 |
_c3316 _d3316 |
||